00915nam a22002537a 4500003000500000005001700005008004100022010001000063011001000073035001100083040000900094100003800103245015300141260004000294300002400334502007700358530003600435650002700471650002300498650002000521650001300541650004300554856006400597CHAP20220329143447.0091029s2009 mx r 00010 spa d a96974 a97946 a108620 cCHAP1 aSalvador Martínez, Telésforo.10aPruebas de vigor en semillas de 13 genotipos de nopal (Opuntia spp.) bajo distintos periodos de almacenamientoc/por Telésforo Salvador Martínez aChapingo, Méx. :bEl autor,c2009 av, 34 h. :bcuadros aTesis (Ing. Agr. Esp. en Fitotecnia) -- UACH. Departamento de Fitotecnia aTambién disponible en línea14aNopalxAlmacenamiento.14aNopalxGenética.14aNopalxSemilla.14aOpuntia.14aSemillasxFisiología y morfología. 3Finding aiduhttp://10.13.5.2/tesis/108620.pdfzTeclea aqui